[Event "Landsturneringen 2009, Junior"]
[Site "Bergen"]
[Date "2009.07.12"]
[Round "9"]
[White "Hagen, Anders G."]
[Black "Kvisla, Johannes L."]
[Result "1/2-1/2"]
[WhiteElo "2067"]
[BlackElo "2181"]
[PlyCount "89"]
[EventDate "2009.07.??"]
[EventType "swiss"]
[EventRounds "9"]
[EventCountry "NOR"]
[SourceDate "2009.07.06"]

1. d4 Nf6 2. c4 g6 3. Nc3 Bg7 4. e4 d6 5. Nf3 O-O 6. Be2 e5 7. d5 a5 8. Bg5 h6
9. Bh4 Na6 10. Nd2 Qe8 11. Rb1 Nh7 12. f3 h5 13. O-O Bh6 14. Bf2 f5 15. b3 Nf6
16. a3 f4 17. b4 g5 18. c5 g4 19. cxd6 cxd6 20. Nc4 Qg6 21. Nxd6 g3 22. Be1
gxh2+ 23. Kh1 Kh7 24. Nxc8 Rg8 25. Rf2 Raxc8 26. bxa5 Rg7 27. Rxb7 Nc5 28.
Rxg7+ Qxg7 29. Bf1 h4 30. Rc2 Rg8 31. Bxh4 Nh5 32. Nb5 Ng3+ 33. Kxh2 Qg6 34.
Rxc5 Qh5 35. Rc7+ Bg7 36. Kg1 Qxh4 37. Qd3 Rh8 38. Kf2 Nh1+ 39. Ke2 Qf2+ 40.
Kd1 Ng3 41. Be2 Kg6 42. Rc6+ Kg5 43. Nc3 Rh1+ 44. Kc2 Re1 45. Kd2 1/2-1/2

[Event "Landsturneringen 2009, Junior"]
[Site "Bergen"]
[Date "2009.07.12"]
[Round "9"]
[White "Haugstad, Espen"]
[Black "Madland, Kristoffer"]
[Result "1-0"]
[WhiteElo "2156"]
[BlackElo "1964"]
[PlyCount "137"]
[EventDate "2009.07.??"]
[EventType "swiss"]
[EventRounds "9"]
[EventCountry "NOR"]
[SourceDate "2009.07.06"]

1. e4 c5 2. c3 d5 3. exd5 Qxd5 4. d4 Nf6 5. Nf3 Bg4 6. dxc5 Qxd1+ 7. Kxd1 e5 8.
b4 e4 9. h3 Bh5 10. g4 Nxg4 11. hxg4 Bxg4 12. Nbd2 Nc6 13. Bh3 Bxh3 14. Rxh3
exf3 15. Nc4 O-O-O+ 16. Kc2 f6 17. Rxf3 Ne5 18. Nxe5 fxe5 19. Bg5 Rd7 20. Re1
h6 21. Bh4 g5 22. Bg3 Bg7 23. Bxe5 Re8 24. Rfe3 Bxe5 25. Rxe5 Rxe5 26. Rxe5 Rf7
27. Re8+ Kd7 28. Ra8 Rxf2+ 29. Kb3 a6 30. Rh8 Rf6 31. Rh7+ Kc6 32. Rg7 b6 33.
cxb6 Kxb6 34. c4 h5 35. Rxg5 Rh6 36. Rg3 h4 37. Rh3 a5 38. a3 axb4 39. axb4 Kc6
40. Kc3 Rh8 41. Kd4 Rd8+ 42. Ke5 Re8+ 43. Kf5 Rf8+ 44. Kg5 Rb8 45. b5+ Kc5 46.
Rxh4 Rf8 47. Rf4 Rg8+ 48. Kf5 Re8 49. Re4 Rf8+ 50. Kg5 Kb4 51. Rf4 Rg8+ 52. Kf6
Rd8 53. Ke7 Rd1 54. Re4 Kc5 55. Ke8 Rd2 56. Re7 Rb2 57. Rc7+ Kb6 58. Rc6+ Kb7
59. Kd7 Rd2+ 60. Rd6 Rc2 61. Rd4 Rc1 62. Kd6 Kb6 63. Kd5 Rc2 64. Rd3 Rc1 65.
Kd4 Rh1 66. Kc3 Rc1+ 67. Kb4 Rb1+ 68. Rb3 Rc1 69. Rb2 1-0

[Event "Landsturneringen 2009, Kadett"]
[Site "Bergen"]
[Date "2009.07.04"]
[Round "1"]
[White "Barane, Simon"]
[Black "Vea, Tormund Blikra"]
[Result "1-0"]
[WhiteElo "1491"]
[BlackElo "794"]
[PlyCount "75"]
[EventDate "2009.07.??"]
[EventType "swiss"]
[EventRounds "9"]
[EventCountry "NOR"]
[SourceDate "2009.07.06"]

1. e4 e5 2. Nf3 Nc6 3. Bc4 h6 4. Nc3 Nf6 5. d3 Bc5 6. O-O d6 7. Be3 Bb6 8. d4
Bg4 9. d5 Nd4 10. Bxd4 Bxd4 11. Bb5+ Ke7 12. Qd3 Bxf3 13. Qxf3 a6 14. Bd3 c5
15. Ne2 c4 16. Nxd4 exd4 17. Bxc4 b5 18. Bb3 Kd7 19. Qd3 Qe7 20. f3 Qe5 21.
Rad1 Rac8 22. Qxd4 Qxd4+ 23. Rxd4 Rhe8 24. a4 Nh5 25. g3 g5 26. axb5 axb5 27.
Ra1 Ra8 28. Ra2 Rec8 29. c3 Ng7 30. Rb4 Rab8 31. Ra7+ Ke8 32. Ra5 f5 33. Raxb5
Rxb5 34. Rxb5 Rc7 35. Rb8+ Kf7 36. Kf2 Re7 37. Rb4 Kf6 38. Rb6 1-0

[Event "Landsturneringen 2009, Kadett"]
[Site "Bergen"]
[Date "2009.07.04"]
[Round "1"]
[White "Frisvold, Ole Emil"]
[Black "Hegelund, Ole Jakob"]
[Result "1-0"]
[WhiteElo "1586"]
[BlackElo "1476"]
[PlyCount "87"]
[EventDate "2009.07.??"]
[EventType "swiss"]
[EventRounds "9"]
[EventCountry "NOR"]
[SourceDate "2009.07.06"]

1. d4 d5 2. c4 c6 3. Nf3 Nf6 4. Nc3 Bf5 5. Bg5 Na6 6. Bxf6 exf6 7. cxd5 cxd5 8.
Qb3 Nb4 9. Rc1 Qb6 10. e3 Nc2+ 11. Kd2 Qxb3 12. axb3 Nb4 13. Ne1 a6 14. Nd3 Be6
15. Ra1 Rc8 16. Be2 Bd6 17. Bf3 O-O 18. Ra4 Nxd3 19. Kxd3 Bd7 20. Raa1 Bf5+ 21.
Kd2 Rc7 22. Bxd5 Rd8 23. Rac1 b5 24. Be4 Rxc3 25. Bxf5 Rxb3 26. Kc2 Rb4 27. b3
a5 28. Kb2 g6 29. Bb1 a4 30. Ba2 Ra8 31. Rc6 Rd8 32. Rhc1 a3+ 33. Kc3 Be7 34.
Kd3 Kg7 35. Rc7 Bd6 36. Rc8 Rd7 37. R1c6 Be7 38. R8c7 Rxc7 39. Rxc7 Bd6 40. Rd7
Bf8 41. Ke4 g5 42. Kd5 f5 43. Rd8 Be7 44. Re8 1-0

[Event "Landsturneringen 2009, Kadett"]
[Site "Bergen"]
[Date "2009.07.04"]
[Round "1"]
[White "Haugsdal, Sigve"]
[Black "Guttulsrud, Odd Martin"]
[Result "0-1"]
[WhiteElo "1180"]
[BlackElo "1998"]
[PlyCount "80"]
[EventDate "2009.07.??"]
[EventType "swiss"]
[EventRounds "9"]
[EventCountry "NOR"]
[SourceDate "2009.07.06"]

1. e4 c5 2. c3 d5 3. exd5 Qxd5 4. Nf3 Nc6 5. d4 e6 6. Be3 b6 7. Be2 Nf6 8. h3
Be7 9. O-O O-O 10. dxc5 bxc5 11. Nbd2 Rb8 12. b3 Bb7 13. Qc2 Qd6 14. Rfd1 Qc7
15. Nf1 Nd5 16. a3 Ne5 17. Nxe5 Qxe5 18. c4 Nxe3 19. Nxe3 f5 20. Rab1 Rf6 21.
Nf1 Rg6 22. f3 Bf6 23. Rd3 Qf4 24. Qd2 Qh4 25. Kh1 Bd4 26. Rxd4 Qxd4 27. Qxd4
cxd4 28. b4 e5 29. c5 e4 30. fxe4 fxe4 31. Bc4+ Kh8 32. Kh2 Rg5 33. g4 Bc6 34.
Ng3 Rxc5 35. Bb3 Re5 36. Nf5 d3 37. Ne3 Bd7 38. Kg3 Rf8 39. Rf1 Rxf1 40. Nxf1
e3 0-1

[Event "Landsturneringen 2009, Kadett"]
[Site "Bergen"]
[Date "2009.07.04"]
[Round "1"]
[White "Hoem, Audun"]
[Black "Carlsen, Ingrid Øen"]
[Result "0-1"]
[WhiteElo "879"]
[BlackElo "1491"]
[PlyCount "102"]
[EventDate "2009.07.??"]
[EventType "swiss"]
[EventRounds "9"]
[EventCountry "NOR"]
[SourceDate "2009.07.06"]

1. e4 c5 2. Nf3 Nc6 3. d4 cxd4 4. Nxd4 Nf6 5. Nc3 e5 6. Ndb5 d6 7. Bg5 a6 8.
Na3 b5 9. Nd5 Be7 10. Bxf6 Bxf6 11. c3 Bg5 12. Nc2 Ne7 13. Ncb4 Nxd5 14. Qxd5
Ra7 15. Rd1 Be7 16. c4 Bb7 17. Nc6 b4 18. c5 Qd7 19. Nxe5 Bxd5 20. Nxd7 Bxe4
21. cxd6 Kxd7 22. dxe7+ Kxe7 23. Rd4 Bb1 24. Rxb4 Bxa2 25. Ra4 Bd5 26. Rxa6
Rxa6 27. Bxa6 Ra8 28. Be2 Ra1+ 29. Bd1 Rb1 30. f3 Rxb2 31. Rg1 Rb1 32. Kf2 Rb2+
33. Be2 Bc4 34. Re1 Kf6 35. Kf1 Bxe2+ 36. Rxe2 Rb5 37. Re4 Rb1+ 38. Kf2 Rb2+
39. Kg3 Rb5 40. Rf4+ Rf5 41. Rxf5+ Kxf5 42. Kh3 h5 43. Kh4 g6 44. g3 f6 45. h3
Ke5 46. f4+ Kf5 47. g4+ hxg4 48. hxg4+ Kxf4 49. Kh3 f5 50. gxf5 gxf5 51. Kh2
Kf3 0-1

[Event "Landsturneringen 2009, Kadett"]
[Site "Bergen"]
[Date "2009.07.04"]
[Round "1"]
[White "Jacobsen, Fredrik Beer"]
[Black "Johansen, Stian"]
[Result "0-1"]
[WhiteElo "1400"]
[BlackElo "1784"]
[PlyCount "60"]
[EventDate "2009.07.??"]
[EventType "swiss"]
[EventRounds "9"]
[EventCountry "NOR"]
[SourceDate "2009.07.06"]

1. e4 e6 2. d4 d5 3. e5 c5 4. c3 Qb6 5. Nf3 Nc6 6. a3 cxd4 7. cxd4 Bd7 8. b4
Rc8 9. Bb2 Be7 10. Bd3 f5 11. h4 Nh6 12. Qd2 O-O 13. g3 Be8 14. Be2 Bh5 15. Ng1
Bxe2 16. Nxe2 a5 17. Nf4 axb4 18. Nxe6 Nxe5 19. dxe5 Qxe6 20. f4 Rc4 21. axb4
Bxb4 22. Bc3 Rfc8 23. Bxb4 Rc1+ 24. Qd1 Rxd1+ 25. Kxd1 Ng4 26. Ke2 Rc2+ 27. Nd2
Qc8 28. Rhb1 d4 29. Ra3 Ne3 30. Rba1 Qc4+ 0-1

[Event "Landsturneringen 2009, Kadett"]
[Site "Bergen"]
[Date "2009.07.04"]
[Round "1"]
[White "Kyrkjebø, Erlend"]
[Black "Hansen, Pål Andreas"]
[Result "0-1"]
[WhiteElo "1364"]
[BlackElo "1937"]
[PlyCount "96"]
[EventDate "2009.07.??"]
[EventType "swiss"]
[EventRounds "9"]
[EventCountry "NOR"]
[SourceDate "2009.07.06"]

1. e4 c5 2. Nc3 g6 3. f4 Bg7 4. Nf3 Nc6 5. Bb5 Nd4 6. a4 e6 7. O-O Ne7 8. Nxd4
cxd4 9. Ne2 O-O 10. d3 d5 11. exd5 exd5 12. a5 a6 13. Ba4 Qxa5 14. Bd2 Qb6 15.
Bb3 Be6 16. Kh1 Rfe8 17. Ng1 Nf5 18. Qf3 h5 19. Rfe1 Ne3 20. Bxe3 dxe3 21. Qxe3
Qxe3 22. Rxe3 Bxb2 23. Rae1 Bc3 24. Rf1 a5 25. Ba4 Reb8 26. Rb1 b5 27. Bxb5 Bd7
28. d4 Bxd4 29. Reb3 Bf5 30. Bd3 Rxb3 31. Rxb3 a4 32. Ra3 Bb2 33. Ra2 Bxd3 34.
cxd3 a3 35. Nf3 Rc8 36. g3 Rc2 37. d4 Rc1+ 38. Kg2 Ra1 39. Rxa1 Bxa1 40. Nd2
Bxd4 41. Nb3 a2 42. Kf3 a1=Q 43. Nxa1 Bxa1 44. Ke3 Kg7 45. h3 Kf6 46. g4 hxg4
47. hxg4 g5 48. f5 Ke5 0-1

[Event "Landsturneringen 2009, Kadett"]
[Site "Bergen"]
[Date "2009.07.04"]
[Round "1"]
[White "Kästel, Arne Morten"]
[Black "Hoel, Jørgen"]
[Result "0-1"]
[WhiteElo "1019"]
[BlackElo "1491"]
[PlyCount "68"]
[EventDate "2009.07.??"]
[EventType "swiss"]
[EventRounds "9"]
[EventCountry "NOR"]
[SourceDate "2009.07.06"]

1. d4 Nf6 2. Nf3 g6 3. c4 Bg7 4. Nc3 O-O 5. e4 d6 6. Bd3 e5 7. d5 a5 8. O-O Na6
9. h3 Nh5 10. Bc2 Nf4 11. Ne2 Nxe2+ 12. Qxe2 f5 13. Ng5 f4 14. Nf3 g5 15. Nh2
Qf6 16. a3 Nc5 17. Bd2 a4 18. Bb4 b6 19. Bxc5 bxc5 20. Qd1 Bd7 21. b4 axb3 22.
Bxb3 Qg6 23. Bc2 h5 24. f3 Rfb8 25. Qe2 Rb2 26. Rfb1 Rab8 27. Qe1 g4 28. hxg4
hxg4 29. fxg4 Bxg4 30. Rxb2 Rxb2 31. Qf2 f3 32. Nxg4 Qxg4 33. Rc1 Bh6 34. Rb1
Be3 0-1

[Event "Landsturneringen 2009, Kadett"]
[Site "Bergen"]
[Date "2009.07.04"]
[Round "1"]
[White "Moripen, Markus"]
[Black "Hestvik, Petter Martin"]
[Result "1-0"]
[WhiteElo "1572"]
[BlackElo "1065"]
[PlyCount "91"]
[EventDate "2009.07.??"]
[EventType "swiss"]
[EventRounds "9"]
[EventCountry "NOR"]
[SourceDate "2009.07.06"]

1. e4 e5 2. Nf3 Nc6 3. Bb5 Bc5 4. O-O d6 5. c3 Nf6 6. d4 exd4 7. cxd4 a6 8.
Bxc6+ bxc6 9. dxc5 O-O 10. Nc3 Re8 11. e5 Ng4 12. exd6 cxd6 13. Qxd6 Bd7 14. h3
Nf6 15. Bg5 Re6 16. Qd3 Qc7 17. Rad1 Nd5 18. Nxd5 cxd5 19. Bh4 Rae8 20. Bg3 Qc8
21. Rfe1 Bb5 22. Qc3 Be2 23. Rc1 Bxf3 24. Rxe6 Qxe6 25. Qxf3 d4 26. c6 d3 27.
Qxd3 Qh6 28. Qc4 Rc8 29. c7 Qf6 30. Rd1 Qe7 31. Qd5 h6 32. Qd8+ Rxd8 33.
cxd8=Q+ Qxd8 34. Rxd8+ Kh7 35. Ra8 a5 36. Rxa5 Kg6 37. b4 f5 38. b5 Kf6 39. b6
g6 40. Be5+ Kg5 41. b7 Kh5 42. b8=Q Kg5 43. Qd8+ Kh5 44. g4+ fxg4 45. Bg3+ g5
46. Qe8# 1-0

[Event "Landsturneringen 2009, Kadett"]
[Site "Bergen"]
[Date "2009.07.04"]
[Round "1"]
[White "Strand, Andreas"]
[Black "Moen, Ole Martin"]
[Result "1-0"]
[WhiteElo "1579"]
[BlackElo "827"]
[PlyCount "47"]
[EventDate "2009.07.??"]
[EventType "swiss"]
[EventRounds "9"]
[EventCountry "NOR"]
[SourceDate "2009.07.06"]

1. d4 d5 2. c4 c6 3. Nc3 Nf6 4. cxd5 cxd5 5. Nf3 Bf5 6. Bg5 Nc6 7. e3 Nb4 8.
Qa4+ Nc6 9. Bb5 Qd7 10. Ne5 Qc7 11. Bxc6+ bxc6 12. Bxf6 exf6 13. Nxd5 Qd6 14.
Qxc6+ Qxc6 15. Nxc6 Bd6 16. Nc3 O-O 17. O-O Rfc8 18. d5 h6 19. Rac1 Bd3 20.
Rfd1 Ba6 21. Ne4 Bb7 22. Nxd6 Bxc6 23. Nxc8 Rxc8 24. dxc6 1-0

[Event "Landsturneringen 2009, Kadett"]
[Site "Bergen"]
[Date "2009.07.06"]
[Round "3"]
[White "Hansen, Pål Andreas"]
[Black "Botheim, Tor"]
[Result "1-0"]
[WhiteElo "1937"]
[BlackElo "1712"]
[PlyCount "69"]
[EventDate "2009.07.??"]
[EventType "swiss"]
[EventRounds "9"]
[EventCountry "NOR"]
[SourceDate "2009.07.06"]

1. d4 Nf6 2. c4 g6 3. Nc3 Bg7 4. e4 d6 5. f4 O-O 6. Nf3 c5 7. d5 e6 8. Be2 exd5
9. cxd5 Re8 10. e5 dxe5 11. fxe5 Ng4 12. e6 fxe6 13. d6 Qb6 14. Ng5 Nf6 15. O-O
Rd8 16. Nce4 Nxe4 17. Nxe4 Nc6 18. Bg5 Qxb2 19. Bxd8 Qxa1 20. Qxa1 Bxa1 21.
Rxa1 Nxd8 22. d7 Bxd7 23. Nf6+ Kg7 24. Nxd7 b6 25. Bc4 Nc6 26. Bxe6 Rd8 27. Rf1
Nd4 28. Rf7+ Kh6 29. Bd5 Ne2+ 30. Kf2 Nc3 31. Bf3 Nxa2 32. h4 g5 33. Nf8 gxh4
34. Rxh7+ Kg5 35. Ne6+ 1-0

[Event "Landsturneringen 2009, Kadett"]
[Site "Bergen"]
[Date "2009.07.06"]
[Round "3"]
[White "Hoel, Jørgen"]
[Black "Guttulsrud, Odd Martin"]
[Result "0-1"]
[WhiteElo "1491"]
[BlackElo "1998"]
[PlyCount "146"]
[EventDate "2009.07.??"]
[EventType "swiss"]
[EventRounds "9"]
[EventCountry "NOR"]
[SourceDate "2009.07.06"]

1. c4 f5 2. g3 Nf6 3. Bg2 g6 4. Nc3 Bg7 5. d3 d6 6. e4 Nc6 7. Nge2 e5 8. O-O
O-O 9. h3 h6 10. Be3 g5 11. exf5 Bxf5 12. d4 Qe7 13. d5 Nb4 14. g4 Bg6 15. Ng3
a5 16. Nce4 Nd7 17. Qd2 b6 18. a3 Na6 19. b4 Nab8 20. Nc3 e4 21. Rac1 Nf6 22.
Rfe1 Nbd7 23. Bd4 Ne5 24. Ncxe4 Nxe4 25. Nxe4 Qf7 26. Re3 Qf4 27. c5 Bxe4 28.
Bxe4 Nf3+ 29. Bxf3 Bxd4 30. Rd3 Qg3+ 31. Bg2 Qxf2+ 32. Qxf2 Bxf2+ 33. Kh2 dxc5
34. bxc5 Bxc5 35. d6 Rad8 36. Bd5+ Kh8 37. dxc7 Rd7 38. Be4 Rxc7 39. Rcd1 Kg7
40. Bf5 Re8 41. a4 Re2+ 42. Kh1 Rce7 43. Rd7 Kf6 44. Rxe7 Bxe7 45. Bd7 Bc5 46.
Bb5 Rb2 47. Bc4 Ke5 48. Bb5 Ke4 49. Rf1 Bd4 50. Bc6+ Kd3 51. Bd7 Be5 52. Bf5+
Ke3 53. Rb1 Rb4 54. Re1+ Kf4 55. Bd7 Rd4 56. Bb5 Bd6 57. Bc6 Rc4 58. Bb5 Rc2
59. Kg1 Bc5+ 60. Kh1 Kg3 61. Be2 Rb2 62. h4 gxh4 63. g5 hxg5 64. Rf1 Bf2 65.
Bc4 Kf3 66. Bd5+ Ke3 67. Kg2 g4 68. Be6 h3+ 69. Kh1 Kf4 70. Rc1 Bd4 71. Rd1 Be5
72. Re1 g3 73. Kg1 Bd4+ 0-1

[Event "Landsturneringen 2009, Kadett"]
[Site "Bergen"]
[Date "2009.07.06"]
[Round "3"]
[White "Thingstad, Anders"]
[Black "Johansen, Stian"]
[Result "1-0"]
[WhiteElo "1848"]
[BlackElo "1784"]
[PlyCount "39"]
[EventDate "2009.07.??"]
[EventType "swiss"]
[EventRounds "9"]
[EventCountry "NOR"]
[SourceDate "2009.07.06"]

1. d4 Nf6 2. c4 g6 3. Nc3 Bg7 4. e4 d6 5. f4 O-O 6. Nf3 c5 7. d5 e6 8. Be2 exd5
9. exd5 Bf5 10. O-O Nbd7 11. Bd3 Bxd3 12. Qxd3 Nb6 13. f5 Qd7 14. Ng5 Rae8 15.
Nce4 Nxe4 16. Nxe4 gxf5 17. Ng3 f4 18. Nf5 Nxc4 19. Nxg7 Ne5 20. Nxe8 1-0

[Event "Landsturneringen 2009, Kadett"]
[Site "Bergen"]
[Date "2009.07.07"]
[Round "4"]
[White "Kjølberg, Jens Hjorth"]
[Black "Hansen, Pål Andreas"]
[Result "0-1"]
[WhiteElo "1532"]
[BlackElo "1937"]
[PlyCount "90"]
[EventDate "2009.07.??"]
[EventType "swiss"]
[EventRounds "9"]
[EventCountry "NOR"]
[SourceDate "2009.07.06"]

1. d4 Nf6 2. c4 d6 3. Nc3 g6 4. e4 Bg7 5. Be2 c5 6. d5 a6 7. Nf3 O-O 8. O-O b5
9. cxb5 axb5 10. Bxb5 Ba6 11. Bxa6 Nxa6 12. Nd2 Qd7 13. Nc4 Rfb8 14. Qe2 Nc7
15. f4 Nb5 16. Nxb5 Qxb5 17. Qc2 Ng4 18. Rf3 Bd4+ 19. Ne3 Qb4 20. Qe2 Bxe3+ 21.
Bxe3 Qxe4 22. h3 Nxe3 23. Qxe3 Qxe3+ 24. Rxe3 Rxb2 25. Rxe7 Raxa2 26. Rxa2 Rxa2
27. Rd7 Ra6 28. Kf2 Kf8 29. Kf3 Ke8 30. Rc7 Ra4 31. Ke3 Rd4 32. Ra7 Rxd5 33.
Rc7 Rd4 34. g3 Rc4 35. h4 Rc3+ 36. Kf2 h5 37. Ra7 d5 38. Rc7 c4 39. Rc5 Rd3 40.
Ra5 c3 41. Ra1 d4 42. Rc1 Rd2+ 43. Kf3 f5 44. Re1+ Kd7 45. Rc1 c2 0-1

[Event "Landsturneringen 2009, Kadett"]
[Site "Bergen"]
[Date "2009.07.08"]
[Round "5"]
[White "Barane, Simon"]
[Black "Johansen, Stian"]
[Result "0-1"]
[WhiteElo "1491"]
[BlackElo "1784"]
[PlyCount "118"]
[EventDate "2009.07.??"]
[EventType "swiss"]
[EventRounds "9"]
[EventCountry "NOR"]
[SourceDate "2009.07.06"]

1. e4 c5 2. Nf3 e6 3. d4 cxd4 4. Nxd4 Nf6 5. Nc3 Qb6 6. Nb3 Bb4 7. Bd3 d6 8.
O-O O-O 9. Be3 Qc6 10. Nd4 Qd7 11. Nce2 Nc6 12. c3 Ba5 13. Nxc6 bxc6 14. Qa4
Bc7 15. Nd4 Bb7 16. h3 d5 17. exd5 cxd5 18. Qxd7 Nxd7 19. Nb5 Bb8 20. Rad1 a6
21. Na3 Ne5 22. Bc2 Bd6 23. f4 Bxa3 24. fxe5 Be7 25. Bd4 Rfc8 26. Rf4 Bg5 27.
Rf3 a5 28. Rdf1 Ba6 29. R1f2 Rc7 30. Ba4 Rb8 31. b3 Bb5 32. Bxb5 Rxb5 33. Kf1
a4 34. b4 Bc1 35. Rd3 a3 36. Rff3 Bb2 37. Kf2 g6 38. g4 Rc4 39. Ke3 Bc1+ 40.
Ke2 Bg5 41. Rg3 f6 42. exf6 e5 43. Bc5 Rcxc5 44. bxc5 Rxc5 45. Rg1 Bxf6 46. g5
e4 47. Re3 Bxc3 48. Rc1 d4 49. Rxe4 Rxg5 50. Rf1 Rg2+ 51. Kd3 Rxa2 52. Re7 Rd2+
53. Kc4 a2 54. Rff7 Rf2 55. Rg7+ Kf8 56. Rxh7 a1=Q 57. Rb7 Qa6+ 58. Kd5 Rf5+
59. Ke4 Qe2# 0-1

[Event "Landsturneringen 2009, Kadett"]
[Site "Bergen"]
[Date "2009.07.08"]
[Round "5"]
[White "Eriksen, Magnus"]
[Black "Thingstad, Anders"]
[Result "1/2-1/2"]
[WhiteElo "1592"]
[BlackElo "1848"]
[PlyCount "43"]
[EventDate "2009.07.??"]
[EventType "swiss"]
[EventRounds "9"]
[EventCountry "NOR"]
[SourceDate "2009.07.06"]

1. e4 c6 2. Nc3 d5 3. Nf3 Bg4 4. h3 Bxf3 5. Qxf3 e6 6. g3 Nf6 7. Bg2 Nbd7 8. d4
Bb4 9. e5 Ne4 10. O-O Bxc3 11. bxc3 Qa5 12. Qg4 Qxc3 13. Qxg7 O-O-O 14. Rb1
Qxd4 15. Bxe4 Qxe4 16. Qxf7 Rde8 17. Ba3 Qxc2 18. Bd6 Qf5 19. Qxd7+ Kxd7 20.
Rxb7+ Kc8 21. Rb8+ Kd7 22. Rb7+ 1/2-1/2

[Event "Landsturneringen 2009, Kadett"]
[Site "Bergen"]
[Date "2009.07.08"]
[Round "5"]
[White "Hansen, Pål Andreas"]
[Black "Guttulsrud, Odd Martin"]
[Result "1/2-1/2"]
[WhiteElo "1937"]
[BlackElo "1998"]
[PlyCount "71"]
[EventDate "2009.07.??"]
[EventType "swiss"]
[EventRounds "9"]
[EventCountry "NOR"]
[SourceDate "2009.07.06"]

1. Nf3 f5 2. c4 Nf6 3. g3 g6 4. Bg2 Bg7 5. O-O O-O 6. Nc3 d6 7. d4 c6 8. b3 e5
9. dxe5 Ng4 10. Bb2 dxe5 11. Qxd8 Rxd8 12. Rad1 Re8 13. e4 f4 14. Rfe1 Nh6 15.
Ne2 fxg3 16. hxg3 Nf7 17. Bc1 h6 18. Rd3 Na6 19. Be3 Bf8 20. Nh2 Nc5 21. Rdd1
g5 22. Bf3 Nd7 23. Bg4 Nf6 24. Bxc8 Raxc8 25. f3 b6 26. g4 Nd8 27. Ng3 Ne6 28.
Nf5 Rcd8 29. Nf1 Bb4 30. Rxd8 Rxd8 31. Re2 Kh7 32. Rh2 Ng8 33. Bd2 Bc5+ 34. Be3
Bb4 35. Bd2 Bc5+ 36. Be3 1/2-1/2

[Event "Landsturneringen 2009, Kadett"]
[Site "Bergen"]
[Date "2009.07.08"]
[Round "5"]
[White "Haugsdal, Sigve"]
[Black "Botheim, Tor"]
[Result "0-1"]
[WhiteElo "1180"]
[BlackElo "1712"]
[PlyCount "68"]
[EventDate "2009.07.??"]
[EventType "swiss"]
[EventRounds "9"]
[EventCountry "NOR"]
[SourceDate "2009.07.06"]

1. e4 c5 2. c3 e6 3. Nf3 d5 4. exd5 exd5 5. d4 Nf6 6. Be2 Bd6 7. O-O O-O 8. h3
Nc6 9. Be3 c4 10. Nbd2 h6 11. Nh2 Qc7 12. Ng4 Nh7 13. Nf3 f5 14. Ngh2 Nf6 15.
Re1 Ne4 16. Nf1 f4 17. Bc1 b5 18. a4 b4 19. N3d2 Ng5 20. Bg4 Bxg4 21. Qxg4 b3
22. Nf3 Nxf3+ 23. Qxf3 Qf7 24. Nd2 Ne7 25. Qe2 Nf5 26. Qe6 Rae8 27. Qxf7+ Kxf7
28. Rxe8 Rxe8 29. Kf1 Nh4 30. Nf3 Nxf3 31. gxf3 Re6 32. Bd2 Kg6 33. Re1 Rxe1+
34. Bxe1 Ba3 0-1

[Event "Landsturneringen 2009, Kadett"]
[Site "Bergen"]
[Date "2009.07.08"]
[Round "5"]
[White "Kjølberg, Jens Hjorth"]
[Black "Malou, Shervin"]
[Result "1-0"]
[WhiteElo "1532"]
[BlackElo "1463"]
[PlyCount "115"]
[EventDate "2009.07.??"]
[EventType "swiss"]
[EventRounds "9"]
[EventCountry "NOR"]
[SourceDate "2009.07.06"]

1. d4 d5 2. e3 Nf6 3. Bd3 c5 4. c3 Nc6 5. f4 Bg4 6. Nf3 e6 7. O-O Ne4 8. Nbd2
f5 9. h3 Bxf3 10. Nxf3 Be7 11. dxc5 Nxc5 12. Bc2 Bf6 13. Nd4 Nxd4 14. exd4 Ne4
15. Ba4+ Kf7 16. Bd2 Qb6 17. Rb1 Bxd4+ 18. Kh2 Nxd2 19. Qxd2 Be3 20. Qe2 d4 21.
cxd4 Qxd4 22. Bb3 Kf6 23. Rbe1 Bxf4+ 24. g3 Bxg3+ 25. Kxg3 e5 26. Qf3 g6 27.
Qxb7 f4+ 28. Kg2 Raf8 29. Qc6+ Kg5 30. Qf3 Qxb2+ 31. Rf2 Qd4 32. Qg4+ Kh6 33.
Qh4+ Kg7 34. Qe7+ Kh6 35. Rxe5 f3+ 36. Rxf3 Re8 37. Qg5+ Kg7 38. Qf6+ Kh6 39.
Qg5+ Kg7 40. Re7+ Rxe7 41. Qxe7+ Kh6 42. Qe3+ Qxe3 43. Rxe3 Rf8 44. Re7 a5 45.
Ra7 Rf5 46. Bg8 Rg5+ 47. Kf3 Rf5+ 48. Ke4 Rf8 49. Rxh7+ Kg5 50. Bb3 Rf4+ 51.
Kd5 Rh4 52. Rxh4 Kxh4 53. Kc5 Kxh3 54. Kb5 Kg4 55. Kxa5 Kf5 56. Bd5 Ke5 57. Bh1
Kd6 58. Kb6 1-0

[Event "Landsturneringen 2009, Kadett"]
[Site "Bergen"]
[Date "2009.07.09"]
[Round "6"]
[White "Guttulsrud, Odd Martin"]
[Black "Eriksen, Magnus"]
[Result "1-0"]
[WhiteElo "1998"]
[BlackElo "1592"]
[PlyCount "69"]
[EventDate "2009.07.??"]
[EventType "swiss"]
[EventRounds "9"]
[EventCountry "NOR"]
[SourceDate "2009.07.06"]

1. e4 e6 2. d4 d5 3. Nd2 c5 4. Ngf3 cxd4 5. exd5 Qxd5 6. Bc4 Qd6 7. O-O Nf6 8.
Nb3 Nc6 9. Nbxd4 Nxd4 10. Nxd4 a6 11. c3 Qc7 12. Bd3 Bd6 13. h3 O-O 14. Bg5 Nd5
15. Bc2 Nf4 16. Qf3 h6 17. Bh4 e5 18. Nf5 Ng6 19. Rad1 Nxh4 20. Nxh4 Qe7 21.
Qd3 e4 22. Qxe4 Qxe4 23. Bxe4 Be7 24. Nf3 Be6 25. Bxb7 Rab8 26. Bxa6 Rxb2 27.
a4 Bb3 28. Ra1 Rc2 29. Rfc1 Rxc1+ 30. Rxc1 Bxa4 31. c4 Ra8 32. Bb7 Rb8 33. Bd5
Bc5 34. Ne5 Rb2 35. Nd3 1-0

[Event "Landsturneringen 2009, Kadett"]
[Site "Bergen"]
[Date "2009.07.09"]
[Round "6"]
[White "Thingstad, Anders"]
[Black "Kjølberg, Jens Hjorth"]
[Result "1-0"]
[WhiteElo "1848"]
[BlackElo "1532"]
[PlyCount "69"]
[EventDate "2009.07.??"]
[EventType "swiss"]
[EventRounds "9"]
[EventCountry "NOR"]
[SourceDate "2009.07.06"]

1. d4 f5 2. Bg5 g6 3. Nd2 Bg7 4. e4 fxe4 5. Nxe4 d5 6. Nc5 b6 7. Nb3 Nh6 8. h4
Nf7 9. Be3 O-O 10. c3 a5 11. Qd2 e5 12. dxe5 Bxe5 13. O-O-O Bb7 14. Nf3 Bf6 15.
Nbd4 Re8 16. Bd3 c5 17. Ne2 c4 18. Bb1 Re6 19. h5 g5 20. Qc2 a4 21. Qxh7+ Kf8
22. Ned4 Rd6 23. Bg6 Qe7 24. Nf5 Qd7 25. Bxf7 Qxf7 26. Qxf7+ Kxf7 27. Nxd6+ Ke6
28. Nxb7 Nc6 29. Nxg5+ Bxg5 30. Bxg5 Rb8 31. h6 Rh8 32. Nd8+ Nxd8 33. Bxd8 Rxd8
34. h7 Rh8 35. Rh6+ 1-0

[Event "Landsturneringen 2009, Kadett"]
[Site "Bergen"]
[Date "2009.07.10"]
[Round "7"]
[White "Forså, Elise"]
[Black "Hoel, Jørgen"]
[Result "0-1"]
[WhiteElo "1375"]
[BlackElo "1491"]
[PlyCount "72"]
[EventDate "2009.07.??"]
[EventType "swiss"]
[EventRounds "9"]
[EventCountry "NOR"]
[SourceDate "2009.07.06"]

1. e4 c5 2. Nf3 g6 3. c4 Nc6 4. d4 cxd4 5. Nxd4 Nf6 6. Nc3 d6 7. f3 Bg7 8. Be3
O-O 9. Be2 Bd7 10. Qd2 a5 11. O-O Nxd4 12. Bxd4 Bc6 13. Rab1 Nd7 14. Bf2 Nc5
15. Rfe1 Be5 16. Bd3 e6 17. Bc2 Qd7 18. Ne2 Na6 19. Red1 Nb4 20. Nc3 Nxc2 21.
Qxc2 Qe7 22. Qd2 f5 23. Bd4 Bxd4+ 24. Qxd4 Rad8 25. Rd2 Qf7 26. Rbd1 fxe4 27.
Nxe4 d5 28. Qc5 Ba4 29. cxd5 Bxd1 30. Ng5 Qf4 31. Qe7 Rfe8 32. Qxh7+ Kf8 33.
Nxe6+ Rxe6 34. Qh8+ Ke7 35. Qg7+ Kd6 36. dxe6+ Qxd2 0-1

[Event "Landsturneringen 2009, Kadett"]
[Site "Bergen"]
[Date "2009.07.10"]
[Round "7"]
[White "Hansen, Pål Andreas"]
[Black "Thingstad, Anders"]
[Result "1/2-1/2"]
[WhiteElo "1437"]
[BlackElo "1848"]
[PlyCount "54"]
[EventDate "2009.07.??"]
[EventType "swiss"]
[EventRounds "9"]
[EventCountry "NOR"]
[SourceDate "2009.07.06"]

1. e4 c6 2. d4 d5 3. Nc3 dxe4 4. Nxe4 Nd7 5. Ng5 Ngf6 6. Bc4 e6 7. Qe2 Nb6 8.
Bd3 h6 9. N5f3 c5 10. dxc5 Bxc5 11. Ne5 O-O 12. Ngf3 Nbd7 13. O-O Qc7 14. Bf4
Bd6 15. Rad1 Nh5 16. Bh7+ Kxh7 17. Qd3+ Kg8 18. Qxd6 Qxd6 19. Rxd6 Nxf4 20.
Nxd7 Bxd7 21. Rxd7 b5 22. Rfd1 Nd5 23. g3 Rfd8 24. Rb7 Rdb8 25. Rd7 Rd8 26. Rb7
Rdb8 27. Rd7 Rd8 1/2-1/2